[Event "Blitz 2018"]
[Site "Saint-Petersburg"]
[Date "2018.12.29"]
[Round "2"]
[Board "69"]
[White "Sanal Vahap (TUR)"]
[Black "Sargissian Gabriel (ARM)"]
[Result "0-1"]
[LiveChessVersion "1.4.8"]
[BlackElo "2651"]
[WhiteElo "2488"]

1. e4 {[%clk 0:03:03]} e5 {[%clk 0:03:03]} 2. Nf3 {[%clk 0:03:04]} Nc6
{[%clk 0:03:04]} 3. Bb5 {[%clk 0:03:05]} Nf6 {[%clk 0:03:04]} 4. d3
{[%clk 0:03:05]} Bc5 {[%clk 0:03:04]} 5. Bxc6 {[%clk 0:03:05]} dxc6
{[%clk 0:03:05]} 6. h3 {[%clk 0:03:06]} Nd7 {[%clk 0:02:52]} 7. Qe2
{[%clk 0:03:06]} O-O {[%clk 0:02:49]} 8. Be3 {[%clk 0:03:06]} Bd6
{[%clk 0:02:47]} 9. Nbd2 {[%clk 0:03:06]} Re8 {[%clk 0:02:47]} 10. O-O
{[%clk 0:03:06]} c5 {[%clk 0:02:48]} 11. Nc4 {[%clk 0:03:07]} Nf8
{[%clk 0:02:37]} 12. a4 {[%clk 0:03:07]} Ng6 {[%clk 0:02:25]} 13. Nh2
{[%clk 0:02:57]} Be6 {[%clk 0:02:25]} 14. b3 {[%clk 0:02:57]} Bf8
{[%clk 0:02:19]} 15. Ng4 {[%clk 0:02:53]} f6 {[%clk 0:02:18]} 16. Kh1
{[%clk 0:02:49]} Qd7 {[%clk 0:02:18]} 17. f4 {[%clk 0:02:38]} exf4
{[%clk 0:01:57]} 18. Bxf4 {[%clk 0:02:38]} Bxc4 {[%clk 0:01:42]} 19. bxc4
{[%clk 0:02:38]} f5 {[%clk 0:01:43]} 20. Nh2 {[%clk 0:02:29]} fxe4
{[%clk 0:01:43]} 21. dxe4 {[%clk 0:02:30]} Nxf4 {[%clk 0:01:30]} 22. Rxf4
{[%clk 0:02:31]} Bd6 {[%clk 0:01:31]} 23. Rf3 {[%clk 0:02:25]} Re7
{[%clk 0:01:15]} 24. Ng4 {[%clk 0:02:09]} Rae8 {[%clk 0:01:13]} 25. Nf2
{[%clk 0:02:06]} Be5 {[%clk 0:01:12]} 26. c3 {[%clk 0:02:02]} Qc6
{[%clk 0:01:10]} 27. Qe3 {[%clk 0:01:43]} a5 {[%clk 0:00:59]} 28. Rf1
{[%clk 0:01:29]} h5 {[%clk 0:00:38]} 29. Rf5 {[%clk 0:00:44]} g6 {[%clk 0:00:36]}
30. Rf3 {[%clk 0:00:44]} Bg7 {[%clk 0:00:35]} 31. Rb1 {[%clk 0:00:42]} b6
{[%clk 0:00:36]} 32. Ra1 {[%clk 0:00:39]} Kh7 {[%clk 0:00:32]} 33. Qd3
{[%clk 0:00:39]} Qd7 {[%clk 0:00:31]} 34. Qc2 {[%clk 0:00:39]} Rf7
{[%clk 0:00:28]} 35. Rd1 {[%clk 0:00:39]} Qe7 {[%clk 0:00:29]} 36. Qe2
{[%clk 0:00:34]} Rxf3 {[%clk 0:00:30]} 37. Qxf3 {[%clk 0:00:35]} Rf8
{[%clk 0:00:31]} 38. Qe3 {[%clk 0:00:36]} Qf6 {[%clk 0:00:26]} 39. Nd3
{[%clk 0:00:32]} Qxc3 {[%clk 0:00:26]} 40. e5 {[%clk 0:00:33]} Qd4
{[%clk 0:00:25]} 41. Qe2 {[%clk 0:00:31]} Qxc4 {[%clk 0:00:20]} 42. e6
{[%clk 0:00:32]} Re8 {[%clk 0:00:22]} 43. Re1 {[%clk 0:00:14]} Qd4
{[%clk 0:00:21]} 44. Qf3 {[%clk 0:00:11]} Qf6 {[%clk 0:00:17]} 45. Qc6
{[%clk 0:00:10]} Re7 {[%clk 0:00:19]} 46. Qe4 {[%clk 0:00:10]} Qd4
{[%clk 0:00:19]} 47. Qf3 {[%clk 0:00:10]} Qc3 {[%clk 0:00:13]} 48. Re3
{[%clk 0:00:06]} Qa1+ {[%clk 0:00:13]} 49. Re1 {[%clk 0:00:07]} Qc3
{[%clk 0:00:14]} 50. Qe4 {[%clk 0:00:05]} Qd4 {[%clk 0:00:13]} 51. Qf3
{[%clk 0:00:06]} c4 {[%clk 0:00:14]} 52. Nf4 {[%clk 0:00:07]} c6 {[%clk 0:00:13]}
53. Qg3 {[%clk 0:00:06]} Qf6 {[%clk 0:00:13]} 54. Re4 {[%clk 0:00:03]} c3
{[%clk 0:00:13]} 55. Qd3 {[%clk 0:00:03]} Qf5 {[%clk 0:00:12]} 56. Qc2
{[%clk 0:00:03]} g5 {[%clk 0:00:10]} 57. g4 {[%clk 0:00:04]} 0-1

[Event "Blitz 2018"]
[Site "Saint-Petersburg"]
[Date "2018.12.29"]
[Round "2"]
[Board "70"]
[White "Eliseev Alexei (RUS)"]
[Black "Anton Guijarro David (ESP)"]
[Result "0-1"]
[LiveChessVersion "1.4.8"]
[BlackElo "2631"]
[WhiteElo "2486"]

1. d4 {[%clk 0:00:37]} Nf6 {[%clk 0:03:01]} 2. Bg5 {[%clk 0:00:39]} Ne4 3. Bh4 d5
{[%clk 0:02:54]} 4. Nd2 {[%clk 0:00:42]} Nd6 {[%clk 0:02:53]} 5. f3
{[%clk 0:00:43]} Nc6 {[%clk 0:02:52]} 6. c3 {[%clk 0:00:43]} Bf5 {[%clk 0:02:46]}
7. g4 {[%clk 0:00:45]} Bg6 8. Nh3 Qd7 {[%clk 0:02:41]} 9. Qb3 {[%clk 0:00:47]} e6
{[%clk 0:02:31]} 10. Nf4 {[%clk 0:00:49]} Na5 {[%clk 0:02:13]} 11. Qd1
{[%clk 0:00:50]} Nac4 {[%clk 0:02:14]} 12. Nxc4 {[%clk 0:00:52]} Nxc4
{[%clk 0:02:14]} 13. Qc1 {[%clk 0:00:50]} c5 {[%clk 0:02:06]} 14. b3
{[%clk 0:00:49]} Nb6 {[%clk 0:02:04]} 15. e3 {[%clk 0:00:51]} Rc8
{[%clk 0:02:02]} 16. Qd2 {[%clk 0:00:52]} Bd6 {[%clk 0:02:00]} 17. Bg3
{[%clk 0:00:52]} cxd4 {[%clk 0:01:49]} 18. exd4 {[%clk 0:00:45]} Qc7
{[%clk 0:01:48]} 19. Bb5+ {[%clk 0:00:43]} Nd7 {[%clk 0:01:49]} 20. Ne2
{[%clk 0:00:43]} h5 {[%clk 0:01:44]} 21. Kf2 {[%clk 0:00:25]} hxg4
{[%clk 0:01:42]} 22. fxg4 {[%clk 0:00:26]} Be4 {[%clk 0:01:43]} 23. Rhg1
{[%clk 0:00:22]} Bxg3+ {[%clk 0:01:43]} 24. hxg3 {[%clk 0:00:22]} Rh2+
{[%clk 0:01:43]} 25. Ke1 {[%clk 0:00:24]} a6 {[%clk 0:01:39]} 26. Bd3
{[%clk 0:00:25]} Bf3 {[%clk 0:01:31]} 27. Rc1 {[%clk 0:00:27]} Nf6
{[%clk 0:01:24]} 28. Qg5 {[%clk 0:00:26]} Bxe2 29. Bxe2 Qa5 {[%clk 0:01:12]} 30.
Rc2 {[%clk 0:00:14]} Rxc3 {[%clk 0:00:56]} 0-1

[Event "Blitz 2018"]
[Site "Saint-Petersburg"]
[Date "2018.12.29"]
[Round "2"]
[Board "71"]
[White "Jakovenko Dmitry (RUS)"]
[Black "Hakobyan Aram (ARM)"]
[Result "1/2-1/2"]
[LiveChessVersion "1.4.8"]
[BlackElo "2451"]
[WhiteElo "2616"]

1. e4 {[%clk 0:03:03]} c6 {[%clk 0:03:03]} 2. d4 {[%clk 0:03:04]} d5 3. e5 Bf5
{[%clk 0:03:05]} 4. Nf3 {[%clk 0:03:07]} e6 {[%clk 0:03:05]} 5. Be2
{[%clk 0:03:08]} Ne7 {[%clk 0:03:06]} 6. c3 {[%clk 0:03:09]} Nd7 {[%clk 0:03:04]}
7. O-O {[%clk 0:03:10]} Ng6 {[%clk 0:03:05]} 8. Ne1 {[%clk 0:02:56]} h5
{[%clk 0:03:05]} 9. Be3 {[%clk 0:02:43]} c5 {[%clk 0:03:02]} 10. Nd2
{[%clk 0:02:38]} Rc8 {[%clk 0:02:55]} 11. g3 {[%clk 0:02:38]} Bh3
{[%clk 0:02:52]} 12. Ng2 {[%clk 0:02:39]} h4 {[%clk 0:02:53]} 13. g4
{[%clk 0:02:36]} Bxg2 {[%clk 0:02:22]} 14. Kxg2 {[%clk 0:02:37]} h3+
{[%clk 0:02:23]} 15. Kh1 Nh4 16. f4 {[%clk 0:02:33]} cxd4 {[%clk 0:02:24]} 17.
cxd4 {[%clk 0:02:33]} Bb4 {[%clk 0:02:24]} 18. Nb3 {[%clk 0:02:09]} Nb6
{[%clk 0:02:14]} 19. a3 {[%clk 0:01:45]} Nc4 {[%clk 0:02:06]} 20. Bc1
{[%clk 0:01:20]} Be7 {[%clk 0:02:02]} 21. Qd3 {[%clk 0:01:21]} Ng2
{[%clk 0:01:56]} 22. f5 {[%clk 0:01:22]} Qb6 {[%clk 0:01:46]} 23. Rb1
{[%clk 0:01:08]} Kd7 {[%clk 0:01:44]} 24. Bf3 {[%clk 0:00:41]} a5
{[%clk 0:01:25]} 25. Nc5+ {[%clk 0:00:33]} Bxc5 {[%clk 0:01:16]} 26. dxc5
{[%clk 0:00:34]} Qxc5 {[%clk 0:01:17]} 27. b4 {[%clk 0:00:28]} axb4
{[%clk 0:00:53]} 28. Rxb4 {[%clk 0:00:28]} Rc7 {[%clk 0:00:46]} 29. fxe6+
{[%clk 0:00:23]} fxe6 {[%clk 0:00:47]} 30. Qg6 {[%clk 0:00:24]} Qe7
{[%clk 0:00:32]} 31. Bxd5 {[%clk 0:00:25]} Nxe5 {[%clk 0:00:33]} 32. Bxe6+
{[%clk 0:00:23]} Qxe6 {[%clk 0:00:14]} 33. Qxg7+ Kc6 34. Rf6 {[%clk 0:00:23]}
Rxg7 {[%clk 0:00:14]} 35. Rxe6+ {[%clk 0:00:24]} Kd5 {[%clk 0:00:15]} 36. Rxe5+
{[%clk 0:00:24]} Kxe5 {[%clk 0:00:13]} 37. Bb2+ {[%clk 0:00:26]} Ke6
{[%clk 0:00:14]} 38. Bxg7 {[%clk 0:00:27]} Rd8 {[%clk 0:00:15]} 39. Rb1
{[%clk 0:00:27]} Rd2 {[%clk 0:00:14]} 40. Bh6 {[%clk 0:00:19]} Ra2
{[%clk 0:00:11]} 41. Kg1 {[%clk 0:00:18]} Nh4 {[%clk 0:00:12]} 42. Bf4
{[%clk 0:00:19]} Nf3+ {[%clk 0:00:11]} 43. Kf1 {[%clk 0:00:20]} Nxh2+
{[%clk 0:00:04]} 44. Bxh2 {[%clk 0:00:20]} Rxh2 {[%clk 0:00:06]} 45. Rxb7
{[%clk 0:00:19]} Rg2 {[%clk 0:00:06]} 46. Rb3 {[%clk 0:00:07]} Rxg4
{[%clk 0:00:06]} 47. Rxh3 {[%clk 0:00:08]} Re4 {[%clk 0:00:06]} 48. Rd3
{[%clk 0:00:09]} Ke5 {[%clk 0:00:05]} 49. Kf2 {[%clk 0:00:10]} Rd4
{[%clk 0:00:06]} 50. Rc3 {[%clk 0:00:11]} Kd5 {[%clk 0:00:05]} 51. Ke3
{[%clk 0:00:13]} Rc4 {[%clk 0:00:06]} 52. Rb3 {[%clk 0:00:14]} Kc6
{[%clk 0:00:05]} 53. Kd3 {[%clk 0:00:14]} Rc5 {[%clk 0:00:06]} 54. a4
{[%clk 0:00:16]} Ra5 {[%clk 0:00:07]} 55. Rb4 {[%clk 0:00:16]} Kc5
{[%clk 0:00:06]} 56. Kc3 {[%clk 0:00:18]} Kc6 {[%clk 0:00:06]} 57. Kc4
{[%clk 0:00:19]} Rc5+ {[%clk 0:00:08]} 58. Kb3 {[%clk 0:00:20]} Re5
{[%clk 0:00:07]} 59. Rb8 {[%clk 0:00:20]} Kc7 {[%clk 0:00:08]} 1/2-1/2

[Event "Blitz 2018"]
[Site "Saint-Petersburg"]
[Date "2018.12.29"]
[Round "2"]
[Board "72"]
[White "Rakhmanov Aleksandr (RUS)"]
[Black "Borisenko Viacheslav (UKR)"]
[Result "0-1"]
[LiveChessVersion "1.4.8"]
[BlackElo "2444"]
[WhiteElo "2615"]

1. c4 {[%clk 0:03:03]} g6 {[%clk 0:03:00]} 2. Nc3 {[%clk 0:03:04]} Bg7
{[%clk 0:03:01]} 3. g3 {[%clk 0:03:05]} Nf6 {[%clk 0:03:02]} 4. Bg2
{[%clk 0:03:06]} O-O {[%clk 0:03:03]} 5. d3 {[%clk 0:03:07]} e5 {[%clk 0:02:55]}
6. e4 {[%clk 0:03:03]} c5 {[%clk 0:02:55]} 7. Nge2 {[%clk 0:03:03]} Nc6
{[%clk 0:02:56]} 8. O-O {[%clk 0:03:03]} d6 {[%clk 0:02:57]} 9. h3
{[%clk 0:03:03]} Nd4 {[%clk 0:02:32]} 10. f4 {[%clk 0:03:02]} Nd7
{[%clk 0:02:18]} 11. f5 {[%clk 0:03:02]} f6 {[%clk 0:02:13]} 12. h4
{[%clk 0:02:54]} a6 {[%clk 0:02:03]} 13. g4 {[%clk 0:02:54]} b5 {[%clk 0:02:02]}
14. Ng3 {[%clk 0:02:50]} Bb7 {[%clk 0:01:54]} 15. g5 {[%clk 0:02:34]} b4
{[%clk 0:01:49]} 16. Nce2 {[%clk 0:02:16]} Qe7 {[%clk 0:01:40]} 17. Kh2
{[%clk 0:02:09]} Kf7 {[%clk 0:01:37]} 18. Bd2 {[%clk 0:01:52]} Ke8
{[%clk 0:01:36]} 19. a3 {[%clk 0:01:53]} a5 {[%clk 0:00:54]} 20. axb4
{[%clk 0:01:49]} Nxe2 {[%clk 0:00:53]} 21. Qxe2 {[%clk 0:01:44]} cxb4
{[%clk 0:00:55]} 22. Qg4 {[%clk 0:01:40]} fxg5 {[%clk 0:00:34]} 23. hxg5
{[%clk 0:01:40]} h5 {[%clk 0:00:19]} 24. gxh6 {[%clk 0:00:47]} Rh8
{[%clk 0:00:19]} 25. fxg6 {[%clk 0:00:24]} Nf6 {[%clk 0:00:11]} 26. Qh3
{[%clk 0:00:17]} Bxh6 {[%clk 0:00:12]} 27. Nf5 {[%clk 0:00:18]} Bc8
{[%clk 0:00:10]} 28. Bxh6 {[%clk 0:00:11]} Bxf5 {[%clk 0:00:11]} 29. g7
{[%clk 0:00:11]} Rxh6 {[%clk 0:00:12]} 30. Qxh6 {[%clk 0:00:09]} Ng4+
{[%clk 0:00:13]} 31. Kg1 {[%clk 0:00:10]} Nxh6 32. exf5 {[%clk 0:00:10]} Qxg7
{[%clk 0:00:09]} 33. f6 {[%clk 0:00:10]} Qg5 {[%clk 0:00:10]} 34. c5
{[%clk 0:00:06]} dxc5 {[%clk 0:00:10]} 35. Rae1 {[%clk 0:00:06]} Kf7
{[%clk 0:00:11]} 36. Kf2 {[%clk 0:00:04]} Rd8 {[%clk 0:00:12]} 37. Rg1
{[%clk 0:00:05]} Ng4+ {[%clk 0:00:13]} 38. Kf1 {[%clk 0:00:05]} Qf4+
{[%clk 0:00:14]} 39. Ke2 {[%clk 0:00:05]} Qf2+ {[%clk 0:00:15]} 40. Kd1
{[%clk 0:00:06]} Rxd3+ {[%clk 0:00:15]} 41. Kc1 {[%clk 0:00:07]} Ne3
{[%clk 0:00:16]} 42. Kb1 {[%clk 0:00:04]} Qc2+ {[%clk 0:00:16]} 43. Ka1
{[%clk 0:00:06]} Rd2 {[%clk 0:00:16]} 0-1

[Event "Blitz 2018"]
[Site "Saint-Petersburg"]
[Date "2018.12.29"]
[Round "2"]
[Board "73"]
[White "Antipov Mikhail Al. (RUS)"]
[Black "Lobanov Sergei (RUS)"]
[Result "1-0"]
[LiveChessVersion "1.4.8"]
[BlackElo "2434"]
[WhiteElo "2604"]

1. e4 {[%clk 0:03:03]} c6 {[%clk 0:03:04]} 2. d4 {[%clk 0:03:04]} d5
{[%clk 0:03:05]} 3. e5 {[%clk 0:03:05]} Bf5 {[%clk 0:03:06]} 4. h4
{[%clk 0:03:06]} h5 {[%clk 0:03:03]} 5. Bd3 {[%clk 0:03:07]} Bxd3
{[%clk 0:03:02]} 6. Qxd3 {[%clk 0:03:08]} e6 {[%clk 0:03:03]} 7. Bg5
{[%clk 0:03:09]} Be7 {[%clk 0:03:02]} 8. Nf3 {[%clk 0:03:06]} Nh6
{[%clk 0:03:03]} 9. Bxh6 {[%clk 0:03:07]} Rxh6 {[%clk 0:03:04]} 10. c4
{[%clk 0:02:55]} dxc4 {[%clk 0:01:59]} 11. Qxc4 {[%clk 0:02:55]} Nd7
{[%clk 0:02:01]} 12. Nc3 {[%clk 0:02:51]} Nb6 {[%clk 0:02:02]} 13. Qb3
{[%clk 0:02:40]} Qd7 {[%clk 0:02:02]} 14. O-O {[%clk 0:02:21]} O-O-O
{[%clk 0:01:50]} 15. a4 {[%clk 0:02:22]} Nd5 {[%clk 0:01:48]} 16. a5
{[%clk 0:02:21]} Rg6 {[%clk 0:01:10]} 17. a6 {[%clk 0:02:17]} b6 {[%clk 0:01:11]}
18. Rac1 {[%clk 0:01:58]} Kb8 {[%clk 0:01:11]} 19. g3 {[%clk 0:01:55]} Rg4
{[%clk 0:00:50]} 20. Nxd5 {[%clk 0:00:52]} Qxd5 {[%clk 0:00:39]} 21. Qxd5
{[%clk 0:00:52]} cxd5 {[%clk 0:00:40]} 22. Rc2 {[%clk 0:00:49]} Rc8
{[%clk 0:00:36]} 23. Rfc1 {[%clk 0:00:50]} Rxc2 {[%clk 0:00:36]} 24. Rxc2
{[%clk 0:00:51]} Rg6 {[%clk 0:00:15]} 25. b4 {[%clk 0:00:07]} Rh6
{[%clk 0:00:04]} 26. b5 {[%clk 0:00:05]} Rh8 {[%clk 0:00:05]} 27. Ne1
{[%clk 0:00:05]} Rc8 {[%clk 0:00:03]} 28. Rxc8+ Kxc8 29. Nd3 {[%clk 0:00:06]} Kd7
{[%clk 0:00:04]} 30. Kg2 {[%clk 0:00:06]} g6 {[%clk 0:00:03]} 31. Kh3
{[%clk 0:00:06]} Ke8 {[%clk 0:00:04]} 32. f3 {[%clk 0:00:05]} Kf8
{[%clk 0:00:05]} 33. g4 {[%clk 0:00:04]} Kg7 {[%clk 0:00:04]} 34. Kg3
{[%clk 0:00:04]} Kh7 {[%clk 0:00:04]} 35. Nb2 {[%clk 0:00:04]} Kg7
{[%clk 0:00:03]} 36. Na4 {[%clk 0:00:05]} Bd8 {[%clk 0:00:04]} 37. Kh3
{[%clk 0:00:05]} Kh7 {[%clk 0:00:04]} 38. Kg3 {[%clk 0:00:04]} Kg7
{[%clk 0:00:05]} 39. f4 {[%clk 0:00:04]} hxg4 {[%clk 0:00:03]} 40. Kxg4 Kh6 41.
Nb2 {[%clk 0:00:05]} Be7 {[%clk 0:00:06]} 42. Na4 {[%clk 0:00:05]} Bd8
{[%clk 0:00:07]} 43. Nc3 {[%clk 0:00:03]} Be7 {[%clk 0:00:06]} 44. Na4
{[%clk 0:00:04]} Bd8 {[%clk 0:00:07]} 45. Nb2 {[%clk 0:00:04]} Be7
{[%clk 0:00:08]} 46. Nd3 {[%clk 0:00:04]} Bd8 {[%clk 0:00:06]} 47. Ne1
{[%clk 0:00:04]} Be7 {[%clk 0:00:06]} 48. Nf3 {[%clk 0:00:04]} Bb4
{[%clk 0:00:05]} 49. Ng5 {[%clk 0:00:04]} Kg7 {[%clk 0:00:06]} 50. h5
{[%clk 0:00:05]} gxh5+ {[%clk 0:00:04]} 51. Kxh5 {[%clk 0:00:06]} Bc3
{[%clk 0:00:04]} 52. Nf3 {[%clk 0:00:07]} Bb4 {[%clk 0:00:03]} 53. f5
{[%clk 0:00:05]} Ba3 {[%clk 0:00:03]} 54. fxe6 {[%clk 0:00:05]} fxe6
{[%clk 0:00:04]} 55. Ng5 {[%clk 0:00:06]} Bb2 {[%clk 0:00:04]} 56. Kg4
{[%clk 0:00:04]} Kf8 {[%clk 0:00:05]} 57. Nxe6+ {[%clk 0:00:05]} Ke7
{[%clk 0:00:06]} 58. Nc7 {[%clk 0:00:04]} Bxd4 {[%clk 0:00:04]} 59. Kf5
{[%clk 0:00:05]} Kd7 {[%clk 0:00:03]} 60. Nxd5 {[%clk 0:00:05]} Bf2
{[%clk 0:00:03]} 61. Kf6 {[%clk 0:00:04]} Bd4 {[%clk 0:00:04]} 62. Nb4
{[%clk 0:00:04]} Bc3 {[%clk 0:00:03]} 63. Nc6 {[%clk 0:00:05]} Kc7
{[%clk 0:00:03]} 64. Ke6 {[%clk 0:00:05]} Bb2 {[%clk 0:00:04]} 65. Nxa7
{[%clk 0:00:04]} Kb8 {[%clk 0:00:05]} 66. Nc6+ Ka8 67. Kd7 {[%clk 0:00:04]} Ba3
{[%clk 0:00:07]} 68. e6 {[%clk 0:00:05]} Bc5 {[%clk 0:00:06]} 69. e7 1-0

[Event "Blitz 2018"]
[Site "Saint-Petersburg"]
[Date "2018.12.29"]
[Round "2"]
[Board "74"]
[White "Hirneise Tobias (GER)"]
[Black "Shaposhnikov Evgeny (RUS)"]
[Result "0-1"]
[LiveChessVersion "1.4.8"]
[BlackElo "2603"]
[WhiteElo "2472"]

1. d4 {[%clk 0:03:02]} Nf6 {[%clk 0:03:03]} 2. c4 {[%clk 0:03:04]} e6
{[%clk 0:03:04]} 3. Nf3 {[%clk 0:03:04]} b6 {[%clk 0:03:05]} 4. g3
{[%clk 0:03:05]} Bb4+ {[%clk 0:03:06]} 5. Bd2 {[%clk 0:03:05]} c5
{[%clk 0:03:07]} 6. Bxb4 {[%clk 0:02:54]} cxb4 {[%clk 0:03:08]} 7. Bg2
{[%clk 0:02:54]} Bb7 {[%clk 0:03:08]} 8. Qd3 {[%clk 0:02:46]} a5 {[%clk 0:03:03]}
9. Nbd2 {[%clk 0:02:47]} O-O {[%clk 0:02:55]} 10. O-O {[%clk 0:02:48]} d6
{[%clk 0:02:55]} 11. e4 {[%clk 0:02:49]} Na6 {[%clk 0:02:50]} 12. Ne1
{[%clk 0:02:51]} e5 {[%clk 0:02:51]} 13. Nc2 {[%clk 0:02:51]} Re8
{[%clk 0:02:47]} 14. Rfe1 {[%clk 0:02:46]} Qc7 {[%clk 0:02:44]} 15. Ne3
{[%clk 0:02:40]} exd4 {[%clk 0:02:37]} 16. Qxd4 {[%clk 0:02:40]} Qc5
{[%clk 0:02:30]} 17. Qd3 {[%clk 0:02:40]} Qe5 {[%clk 0:02:28]} 18. Qc2
{[%clk 0:02:17]} Nc5 {[%clk 0:02:21]} 19. f3 {[%clk 0:02:04]} Rac8
{[%clk 0:02:13]} 20. Rad1 {[%clk 0:01:59]} g6 {[%clk 0:02:08]} 21. Qb1
{[%clk 0:01:36]} Na4 {[%clk 0:02:07]} 22. b3 {[%clk 0:01:18]} Nc3
{[%clk 0:02:06]} 23. Qc2 {[%clk 0:01:20]} Nxd1 {[%clk 0:02:03]} 24. Rxd1
{[%clk 0:01:22]} d5 {[%clk 0:01:51]} 25. Nxd5 {[%clk 0:00:55]} Bxd5
{[%clk 0:01:46]} 26. exd5 {[%clk 0:00:54]} Nxd5 {[%clk 0:01:43]} 27. Ne4
{[%clk 0:00:40]} Nc3 {[%clk 0:01:43]} 0-1

[Event "Blitz 2018"]
[Site "Saint-Petersburg"]
[Date "2018.12.29"]
[Round "2"]
[Board "75"]
[White "Sychev Klementy (RUS)"]
[Black "Bazeev German (RUS)"]
[Result "0-1"]
[LiveChessVersion "1.4.8"]
[BlackElo "2422"]
[WhiteElo "2594"]

1. g3 {[%clk 0:03:03]} d5 {[%clk 0:03:03]} 2. Bg2 {[%clk 0:03:04]} c6
{[%clk 0:03:04]} 3. c4 {[%clk 0:03:05]} Nf6 {[%clk 0:03:05]} 4. Nf3
{[%clk 0:03:06]} g6 5. b3 Bg7 {[%clk 0:03:06]} 6. Bb2 {[%clk 0:03:09]} O-O
{[%clk 0:03:06]} 7. O-O {[%clk 0:03:09]} Bg4 {[%clk 0:03:08]} 8. d3
{[%clk 0:03:10]} Bxf3 {[%clk 0:03:08]} 9. Bxf3 {[%clk 0:03:11]} Re8
{[%clk 0:03:09]} 10. Bg2 {[%clk 0:03:07]} Nbd7 {[%clk 0:03:09]} 11. Nc3
{[%clk 0:03:00]} e6 {[%clk 0:03:07]} 12. e3 {[%clk 0:02:54]} a6 {[%clk 0:03:03]}
13. Rc1 Rc8 14. Ne2 {[%clk 0:02:43]} e5 {[%clk 0:02:56]} 15. cxd5
{[%clk 0:02:40]} Nxd5 {[%clk 0:02:56]} 16. e4 {[%clk 0:02:33]} Nc7
{[%clk 0:02:50]} 17. d4 {[%clk 0:02:32]} exd4 {[%clk 0:02:48]} 18. Nxd4
{[%clk 0:02:19]} c5 {[%clk 0:02:48]} 19. Bh3 {[%clk 0:02:00]} cxd4
{[%clk 0:02:46]} 20. Bxd4 {[%clk 0:02:00]} Bxd4 {[%clk 0:02:41]} 21. Qxd4
{[%clk 0:01:57]} Ne6 {[%clk 0:02:42]} 22. Qe3 {[%clk 0:01:49]} Rxc1
{[%clk 0:02:36]} 23. Rxc1 {[%clk 0:01:48]} Ne5 {[%clk 0:02:34]} 24. Bg2
{[%clk 0:01:32]} Qd7 {[%clk 0:02:28]} 25. h3 {[%clk 0:01:03]} Rc8
{[%clk 0:02:30]} 26. Rxc8+ Qxc8 27. f4 {[%clk 0:01:00]} Nd7 {[%clk 0:02:26]} 28.
Kh2 {[%clk 0:01:00]} Qc5 {[%clk 0:02:22]} 29. Qd2 {[%clk 0:00:59]} Qd4
{[%clk 0:02:20]} 30. Qa5 {[%clk 0:00:54]} Nf6 {[%clk 0:02:07]} 31. e5
{[%clk 0:00:27]} Nh5 {[%clk 0:02:08]} 32. Qe1 {[%clk 0:00:26]} b6
{[%clk 0:02:00]} 33. Qe2 {[%clk 0:00:27]} Nxg3 {[%clk 0:01:59]} 0-1

[Event "Blitz 2018"]
[Site "Saint-Petersburg"]
[Date "2018.12.29"]
[Round "2"]
[Board "76"]
[White "Iljiushenok Ilia (RUS)"]
[Black "Gordievsky Dmitry (RUS)"]
[Result "1-0"]
[LiveChessVersion "1.4.8"]
[BlackElo "2591"]
[WhiteElo "2467"]

1. e4 {[%clk 0:03:03]} c5 {[%clk 0:03:04]} 2. Nc3 {[%clk 0:03:03]} g6
{[%clk 0:03:02]} 3. h4 {[%clk 0:03:04]} Nc6 {[%clk 0:03:01]} 4. h5
{[%clk 0:03:05]} Bg7 {[%clk 0:03:02]} 5. Bc4 {[%clk 0:03:04]} e6 {[%clk 0:02:50]}
6. d3 {[%clk 0:03:05]} d6 {[%clk 0:02:41]} 7. Nf3 {[%clk 0:02:48]} Nge7
{[%clk 0:02:34]} 8. Bb3 {[%clk 0:02:40]} a6 {[%clk 0:01:45]} 9. Be3
{[%clk 0:02:35]} Nd4 {[%clk 0:01:42]} 10. Qd2 {[%clk 0:02:29]} Nec6
{[%clk 0:01:33]} 11. O-O-O {[%clk 0:01:45]} Nxf3 {[%clk 0:01:24]} 12. gxf3
{[%clk 0:01:46]} Nd4 {[%clk 0:01:24]} 13. Rh3 {[%clk 0:01:31]} Bd7
{[%clk 0:01:16]} 14. Rdh1 {[%clk 0:01:31]} Rg8 {[%clk 0:01:15]} 15. hxg6
{[%clk 0:01:31]} hxg6 {[%clk 0:01:16]} 16. Ne2 {[%clk 0:01:14]} Nxe2+
{[%clk 0:00:57]} 17. Qxe2 {[%clk 0:01:15]} Qf6 {[%clk 0:00:57]} 18. c3
{[%clk 0:01:13]} O-O-O {[%clk 0:00:51]} 19. Qd2 {[%clk 0:01:14]} Qe7
{[%clk 0:00:44]} 20. Rh7 {[%clk 0:00:57]} Rh8 {[%clk 0:00:43]} 21. Bg5
{[%clk 0:00:57]} f6 {[%clk 0:00:17]} 22. Be3 {[%clk 0:00:56]} Rxh7
{[%clk 0:00:15]} 23. Rxh7 {[%clk 0:00:57]} Rh8 {[%clk 0:00:16]} 24. Rxh8+
{[%clk 0:00:51]} Bxh8 {[%clk 0:00:17]} 25. d4 {[%clk 0:00:48]} Bg7
{[%clk 0:00:09]} 26. f4 {[%clk 0:00:49]} cxd4 {[%clk 0:00:05]} 27. cxd4
{[%clk 0:00:41]} f5 {[%clk 0:00:05]} 28. f3 {[%clk 0:00:33]} Kb8 29. Qb4
{[%clk 0:00:28]} Bc8 {[%clk 0:00:04]} 30. Kb1 {[%clk 0:00:22]} Qc7
{[%clk 0:00:05]} 31. a4 {[%clk 0:00:17]} Qc6 {[%clk 0:00:04]} 32. d5
{[%clk 0:00:15]} exd5 {[%clk 0:00:04]} 33. Bxd5 {[%clk 0:00:16]} Qc7
{[%clk 0:00:05]} 34. Bb6 {[%clk 0:00:15]} Qe7 {[%clk 0:00:04]} 35. e5
{[%clk 0:00:16]} Bf8 {[%clk 0:00:05]} 36. Bd4 {[%clk 0:00:08]} dxe5
{[%clk 0:00:05]} 37. Bxe5+ {[%clk 0:00:09]} Ka7 {[%clk 0:00:05]} 38. Qc3
{[%clk 0:00:06]} Bd7 {[%clk 0:00:04]} 39. Qe3+ {[%clk 0:00:06]} Ka8
{[%clk 0:00:04]} 40. Qb6 {[%clk 0:00:07]} Bc6 {[%clk 0:00:04]} 41. Bxc6
{[%clk 0:00:07]} 1-0